000
00358 a2200169 4500
000
nam a22 7a 4500
001
1939
005
20260410125240.0
020
_a
978-123-456-76
100
_a
P.K. Singh
110
_a
P.K. Singh
245
_a
Digital Library and Services
250
_a
3rd
260
_b
Ab
_c
2026
264
_b
Ab
_c
2026
942
_c
BK
999
_c
1939
_d
1939